| 000 | 00483nam a2200193Ia 4500 | ||
|---|---|---|---|
| 008 | 101110s9999 xx 000 0 und d | ||
| 041 | _aENGLISH | ||
| 082 |
_bSR94 _a380.101 |
||
| 100 | _aThomas S. Evelgn | ||
| 245 | _aCommerce Its Theory and Practice | ||
| 365 | _b28 | ||
| 520 | _aCommerce | ||
| 546 | _aENGLISH | ||
| 630 | _aCommerce Its Theory and Practice | ||
| 650 | _aCommerce | ||
| 655 | _aCommerce | ||
| 730 | _aCommerce Its Theory and Practice | ||
| 942 | _cBOOK | ||
| 999 |
_c797514 _d797511 |
||